| 000 | 00998cam a2200241 i 4500 | ||
|---|---|---|---|
| 003 | SA-RiAUC | ||
| 005 | 20260419121948.0 | ||
| 008 | 260416s1978____ii g f000 0bara c | ||
| 040 |
_aSA-JeALM _bara _cSA-RiAUC _erda |
||
| 082 | 0 | 4 | _a922.113 |
| 090 |
_a922.113 _bن د و |
||
| 100 | 1 |
_aالندوي، علي الحسني، _d1913-1999 _eمؤلف. |
|
| 245 | 1 | 2 |
_aالإمام الذي لم يوف حقه من الإنصاف والاعتراف / _cأبو الحسن علي الحسني الندوي. |
| 264 | 1 |
_aلكهنؤ، الهند : _bالمجمع الإسلامي العلمي، _c1978 |
|
| 300 |
_a75 صفحة ؛ _c16 سم. |
||
| 336 |
_aنص _btxt _2rdacontent _3كتاب |
||
| 337 |
_aبدون وسيط _bn _2rdamedia |
||
| 490 |
_aمطبوعات المجلس الإسلامي العلمي. _v116 |
||
| 600 | 1 | 7 |
_aابن عرفان، أحمد، _d1201-1246 هجري _2aucnm |
| 650 | 7 |
_aالدعاة _vتراجم _2aucsh |
|
| 942 |
_2ddc _cBOOK _n0 |
||
| 949 |
_aSA-JeALM _d260416 _uosman123 _n1 |
||
| 999 |
_c14811 _d14811 |
||